[Event "Baden Wuerttemberg-ch Seniors op 2nd"]
[Site "Freudenstadt"]
[Date "2016.07.07"]
[Round "7"]
[White "Seyfried, Claus"]
[Black "Pfrommer, Martin"]
[Result "1-0"]
[WhiteElo "2143"]
[BlackElo "1983"]
[PlyCount "55"]
[EventDate "2016.07.01"]
[EventType "swiss"]
[EventRounds "9"]
[EventCountry "GER"]
[SourceTitle "EXT 2019"]
[Source "ChessBase"]
[SourceDate "2018.10.10"]
[SourceVersion "1"]
[SourceVersionDate "2018.10.10"]
[SourceQuality "1"]

1. e4 c5 2. c3 d5 3. exd5 Qxd5 4. d4 Nc6 5. Nf3 Bg4 6. Be2 cxd4 7. cxd4 e6 8. 0-0 Bb4 9. a3 Ba5 10. h3 Bh5 11. b4 Bb6 12. Nc3 Qd8 13. d5 exd5 14. Nxd5 Nge7 15. Nxb6 Qxd1 16. Rxd1 axb6 17. Be3 Nc8 18. g4 Bg6 19. b5 Na5 20. Ra2 0-0 21. Ne5 Re8 22. Rad2 f6 23. Nxg6 hxg6 24. Rd7 Kf8 25. Rc7 Nb3 26. Bc4 Rxa3 27. Rf7+ Kg8 28. Rdd7 1-0

[Event "Stuttgart-chA int"]
[Site "Ditzingen"]
[Date "2016.05.05"]
[Round "1"]
[White "Pfrommer, Martin"]
[Black "Teske, Henrik"]
[Result "0-1"]
[WhiteElo "2013"]
[BlackElo "2487"]
[PlyCount "82"]
[EventDate "2016.05.05"]
[EventType "swiss"]
[EventRounds "7"]
[EventCountry "GER"]
[SourceTitle "EXT 2018"]
[Source "ChessBase"]
[SourceDate "2017.10.13"]
[SourceVersion "1"]
[SourceVersionDate "2017.10.13"]
[SourceQuality "1"]

1. e4 c5 2. Nf3 g6 3. Bc4 Bg7 4. c3 Nc6 5. d4 Na5 6. Be2 b6 7. 0-0 Bb7 8. d5 Nf6 9. Nbd2 0-0 10. b4 cxb4 11. cxb4 Nxd5 12. exd5 Bxa1 13. bxa5 Bxd5 14. Nb3 Bxb3 15. Qxb3 bxa5 16. Bd2 Bf6 17. Qa4 d5 18. Bxa5 Qd6 19. Rd1 Rab8 20. Nd2 Qe6 21. Bf3 Qa6 22. Nb3 e6 23. Qf4 Bg7 24. Qd2 Rfc8 25. Be2 Qc6 26. Bd3 Bc3 27. Bxc3 Qxc3 28. f4 Qf6 29. g3 Rc3 30. Qf2 Qe7 31. Qd4 Rcc8 32. h4 Rb4 33. Qf2 Rc3 34. Qb2 Qc7 35. Qe2 a5 36. Qd2 a4 37. Nc1 Rd4 38. Qe3 Rxc1 39. Rxc1 Rxd3 40. Qe1 Qb6+ 41. Kh2 Qe3 0-1

[Event "Wuertemberg-ch Seniors 27th"]
[Site "Freudenstadt"]
[Date "2015.07.10"]
[Round "9"]
[White "Pfrommer, Martin"]
[Black "Kelchner, Hans"]
[Result "0-1"]
[WhiteElo "1959"]
[BlackElo "2176"]
[PlyCount "48"]
[EventDate "2015.07.03"]
[EventType "swiss"]
[EventRounds "9"]
[EventCountry "GER"]
[SourceTitle "EXT 2016"]
[Source "ChessBase"]
[SourceDate "2015.10.08"]
[SourceVersion "1"]
[SourceVersionDate "2015.10.08"]
[SourceQuality "1"]

1. e4 c6 2. d4 d5 3. Nc3 dxe4 4. Nxe4 Nf6 5. Nxf6+ gxf6 6. Bc4 Bf5 7. Nf3 Rg8 8. Nh4 Bg6 9. 0-0 e6 10. Re1 f5 11. Nf3 Bh5 12. c3 Bd6 13. Qd3 Bxf3 14. Qxf3 Qf6 15. Bd2 Nd7 16. b4 0-0-0 17. b5 c5 18. dxc5 Nxc5 19. Be3 Qh4 20. Bxc5 Bxh2+ 21. Kh1 Bd6+ 22. Kg1 Bxc5 23. Bd3 Rg3 24. Re4 fxe4 0-1

[Event "Staufer op 21st"]
[Site "Schwaebisch Gmuend"]
[Date "2009.01.05"]
[Round "8"]
[White "Pfrommer, Martin"]
[Black "Samak, Alexander"]
[Result "0-1"]
[WhiteElo "1755"]
[BlackElo "2108"]
[PlyCount "56"]
[EventDate "2009.01.02"]
[EventType "swiss"]
[EventRounds "9"]
[EventCountry "GER"]
[SourceTitle "CBM 128 Extra"]
[Source "ChessBase"]
[SourceDate "2009.03.05"]
[SourceVersion "2"]
[SourceVersionDate "2009.03.25"]
[SourceQuality "1"]

1. e4 e6 2. d4 d5 3. e5 c5 4. c3 Nc6 5. Nf3 Bd7 6. a3 f6 7. exf6 Nxf6 8. Bd3 Qc7 9. 0-0 Bd6 10. Re1 0-0-0 11. b4 c4 12. b5 Na5 13. Bc2 Bxb5 14. Rxe6 Bd7 15. Re1 Bg4 16. h3 Bh5 17. a4 Rhe8 18. Rxe8 Rxe8 19. Be3 Ne4 20. g4 Bg6 21. Nh4 Bf4 22. Bxe4 Bh2+ 23. Kf1 Bxe4 24. Nd2 Bd3+ 25. Kg2 Rxe3 26. fxe3 Qg3+ 27. Kh1 Qxh3 28. Nhf3 Bf4+ 0-1